[Event "29th 4NCL Congress"]
[Site "Harrogate"]
[Date "2023.01.21"]
[Round "2"]
[Board "23"]
[White "Rida, Ruqayyah"]
[Black "Liu, Zizheng"]
[Result "1-0"]
[WhiteElo "1786"]
[BlackElo "1611"]
[PlyCount "85"]
[EventDate "2023.01.20"]
[EventRounds "5"]
[EventCountry "ENG"]

1. e4 e5 2. Nf3 d6 3. d4 Nd7 4. Nc3 Be7 5. Bc4 c6 6. O-O Ngf6 7. Re1 O-O 8. a4 h6
9. h3 Qc7 10. Be3 Re8 11. Bf1 Nf8 12. Qd3 Ng6 13. Rad1 Nh5 14. g3 Be6 15. Bg2 Qc8
16. Qf1 Rf8 17. g4 Nhf4 18. Bxf4 exf4 19. Qd3 Bd7 20. b3 Kh7 21. Ne2 Rh8 22. e5 d5
23. Nxf4 Kg8 24. Nxg6 fxg6 25. Qxg6 Be6 26. Nh2 h5 27. gxh5 Bf5 28. Qg3 Rxh5 29.
Ng4 Rg5 30. c4 Bxg4 31. hxg4 Rxg4 32. Qh3 dxc4 33. bxc4 Bh4 34. Re4 Rxe4 35. Qxc8+
Rxc8 36. Bxe4 Rf8 37. f3 Rf4 38. d5 cxd5 39. cxd5 Bg5 40. Rd3 Rf7 41. d6 Kf8 42.
Bg6 Rf4 43. Rc3  1-0

[Event "29th 4NCL Congress"]
[Site "Harrogate"]
[Date "2023.01.21"]
[Round "2"]
[Board "24"]
[White "Siu, Kam Wa"]
[Black "Ashcroft, Graham J"]
[Result "1-0"]
[WhiteElo "1701"]
[BlackElo "1959"]
[PlyCount "171"]
[EventDate "2023.01.20"]
[EventRounds "5"]
[EventCountry "ENG"]

1. e4 e6 2. d4 d5 3. Nc3 Bb4 4. Bd3 Nc6 5. Nf3 Nf6 6. e5 Ne4 7. Bd2 Nxd2 8. Qxd2
O-O 9. a3 Ba5 10. b4 Bb6 11. Na4 f6 12. O-O fxe5 13. dxe5 Rxf3 14. gxf3 Nxe5 15.
Qf4 Qf6 16. Qxf6 gxf6 17. Nxb6 axb6 18. Kg2 Bd7 19. f4 Nc6 20. Bb5 Kf7 21. Bxc6 Bxc6
22. Rg1 d4+ 23. f3 Bd5 24. Kf2 c5 25. a4 cxb4 26. Rgb1 Rc8 27. Rxb4 Rxc2+ 28. Kg3
e5 29. fxe5 fxe5 30. Re1 Kf6 31. Rxb6+ Kf5 32. Rb5 Ke6 33. f4 e4 34. f5+ Ke5 35.
f6 e3 36. Rf1 e2 37. Re1 d3 38. f7 Rc8 39. Kf2 Kd4 40. Rxd5+ Kxd5 41. Ke3 Kc4 42.
Rc1+ Kb4 43. Kxd3 Rf8 44. Rc4+ Kb3 45. Re4 Rxf7 46. Kxe2 Rd7 47. Rh4 Kc3 48. Rh3+
Kc2 49. Rh4 Re7+ 50. Kf2 Kd3 51. Rh3+ Kd2 52. Rh4 Rf7+ 53. Kg3 Ke3 54. Rb4 h5 55.
Rb3+ Kd4 56. Rb4+ Kc3 57. Rb5 Rh7 58. Kh4 Kc4 59. Rxh5 Rd7 60. Rg5 Rh7+ 61. Kg3 Kb4
62. Rg4+ Ka5 63. h4 b6 64. Kf3 Rf7+ 65. Ke3 Rf1 66. Kd3 Rf3+ 67. Ke2 Rh3 68. Kf2
Rc3 69. Kg2 Re3 70. h5 Re5 71. Rh4 Re7 72. Kf3 Rf7+ 73. Ke3 Re7+ 74. Kd3 Rh7 75.
h6 Rd7+ 76. Kc3 Rc7+ 77. Kb3 Rh7 78. Rh5+ Ka6 79. Kb4 Kb7 80. Kc4 Kc6 81. Kd4 Kd6
82. Ke4 Re7+ 83. Kf4 Rh7 84. Kg5 Ke6 85. Kg6 Rf7 86. Re5+  1-0

[Event "29th 4NCL Congress"]
[Site "Harrogate"]
[Date "2023.01.21"]
[Round "2"]
[Board "25"]
[White "Greatorex, Roger"]
[Black "Webb, Nick"]
[Result "0-1"]
[WhiteElo "1830"]
[BlackElo "1748"]
[PlyCount "58"]
[EventDate "2023.01.20"]
[EventRounds "5"]
[EventCountry "ENG"]

1. c4 b6 2. Nc3 Bb7 3. e4 e6 4. Qb3 Nc6 5. Nf3 Bc5 6. d3 Nf6 7. Bg5 Nd4 8. Nxd4 Bxd4
9. f4 h6 10. Bh4 g5 11. fxg5 Ng4 12. Qd1 hxg5 13. Qxg4 Rxh4 14. Qf3 Rf4 15. Qh3 Qf6
16. Rc1 O-O-O 17. g3 Rh8 18. Qxh8+ Qxh8 19. gxf4 Qh4+ 20. Kd1 Be3 21. Rc2 Bxf4 22.
Rg2 f5 23. Be2 fxe4 24. Rg4 Qh7 25. Kc2 exd3+ 26. Bxd3 Qh3 27. Rhg1 Qxh2+ 28. Kb3
Bf3 29. Rxf4 Qxf4  0-1

[Event "29th 4NCL Congress"]
[Site "Harrogate"]
[Date "2023.01.21"]
[Round "2"]
[Board "26"]
[White "Old, Rob"]
[Black "Billenness, Greg"]
[Result "0-1"]
[WhiteElo "1712"]
[BlackElo "1818"]
[PlyCount "55"]
[EventDate "2023.01.20"]
[EventRounds "5"]
[EventCountry "ENG"]

1. e4 e5 2. Nf3 Bc5 3. Bc4 Nf6 4. c3 Nc6 5. d4 exd4 6. cxd4 Bb4+ 7. Bd2 d5 8. exd5
Nxd5 9. O-O O-O 10. Bxb4 Ncxb4 11. Qb3 a5 12. Nc3 c6 13. a3 Nxc3 14. bxc3 Nd5 15.
a4 Rb8 16. Rfe1 Be6 17. h4 b5 18. axb5 cxb5 19. Bd3 Nf4 20. Qc2 Nxd3 21. Qxd3 Qc7
22. Ng5 g6 23. Nxe6 fxe6 24. Rxe6 Qf4 25. f3 Qxh4 26. Rxa5 b4 27. Rb5 Ra8 28. Qc4
 0-1

[Event "29th 4NCL Congress"]
[Site "Harrogate"]
[Date "2023.01.21"]
[Round "2"]
[Board "27"]
[White "Echavarria Hidalgo, Fernando"]
[Black "Taylor, Robert P"]
[Result "1-0"]
[WhiteElo "1793"]
[BlackElo "1725"]
[PlyCount "51"]
[EventDate "2023.01.20"]
[EventRounds "5"]
[EventCountry "ENG"]

1. e4 d6 2. d4 Nf6 3. Nc3 Nbd7 4. f4 c6 5. Nf3 Qc7 6. Bd3 e5 7. Be3 Be7 8. dxe5 dxe5
9. f5 Bc5 10. Qe2 a5 11. a3 b5 12. Bxc5 Nxc5 13. Qe3 Nxd3+ 14. cxd3 O-O 15. Qc5 Nd7
16. Qe7 Ra7 17. Rc1 Qb6 18. Qg5 f6 19. Qd2 Rd8 20. Nd1 b4 21. Qe3 Qa6 22. O-O Rc7
23. a4 Nb6 24. d4 exd4 25. Nxd4 Qa7 26. Nxc6  1-0

[Event "29th 4NCL Congress"]
[Site "Harrogate"]
[Date "2023.01.21"]
[Round "2"]
[Board "28"]
[White "Salisbury, Paul"]
[Black "Butterworth, Paul"]
[Result "1/2-1/2"]
[WhiteElo "1700"]
[BlackElo "1785"]
[PlyCount "92"]
[EventDate "2023.01.20"]
[EventRounds "5"]
[EventCountry "ENG"]

1. e4 c5 2. a3 e6 3. b4 Nf6 4. e5 Nd5 5. c4 Nc7 6. bxc5 Bxc5 7. Qg4 O-O 8. d4 Be7
9. Bh6 Ne8 10. Bd2 d6 11. Nf3 Nc6 12. Be2 f6 13. exd6 Nxd6 14. Qf4 Nf5 15. Bc3 g5
16. Qe4 Nd6 17. Qd3 g4 18. Nfd2 e5 19. d5 Bf5 20. Qg3 Nd4 21. Bxd4 exd4 22. Bxg4
Bg6 23. O-O f5 24. Bd1 Rc8 25. Qb3 b6 26. Be2 Nb7 27. Nf3 Nc5 28. Qd1 d3 29. Bxd3
Bf6 30. Ra2 Qc7 31. Nc3 Nxd3 32. Qxd3 Qxc4 33. Qxc4 Rxc4 34. Nb5 Rd8 35. Rd2 a6 36.
Na7 Bh5 37. Nc6 Rd6 38. Nce5 Rc5 39. h3 Rcxd5 40. Rxd5 Rxd5 41. Re1 Be8 42. g4 Ba4
43. gxf5 Bxe5 44. Rxe5 Rd1+ 45. Kg2 Bc6 46. Re3 Bd5  1/2-1/2

[Event "29th 4NCL Congress"]
[Site "Harrogate"]
[Date "2023.01.21"]
[Round "2"]
[Board "29"]
[White "Millar, Greg F"]
[Black "Salazar Eyre, Emma"]
[Result "1/2-1/2"]
[WhiteElo "1784"]
[BlackElo "1700"]
[PlyCount "72"]
[EventDate "2023.01.20"]
[EventRounds "5"]
[EventCountry "ENG"]

1. e4 e5 2. Nf3 Nc6 3. Bb5 a6 4. Ba4 Nf6 5. O-O b5 6. Bb3 Bc5 7. c3 d6 8. a4 Bb7
9. d3 h6 10. Na3 O-O 11. Be3 Bxe3 12. fxe3 b4 13. Nc4 a5 14. Qe1 Qe7 15. Nh4 Nh5
16. Nd2 Kh8 17. Bxf7 Qxf7 18. Rxf7 Rxf7 19. Qe2 Nf6 20. Rf1 Ne7 21. d4 Raf8 22. cxb4
axb4 23. dxe5 dxe5 24. Qc4 c5 25. Nf5 Nxf5 26. Rxf5 Kh7 27. h3 Nxe4 28. Rxf7 Nxd2
29. Qe6 Bc8 30. Qe7 Rg8 31. Qxc5 Be6 32. Re7 Rc8 33. Qxe5 Rc1+ 34. Kf2 Rf1+ 35. Ke2
Bc4+ 36. Kxd2 Rf2+  1/2-1/2

[Event "29th 4NCL Congress"]
[Site "Harrogate"]
[Date "2023.01.21"]
[Round "2"]
[Board "30"]
[White "Lawrence, Spencer"]
[Black "Farahmandpour, Ehsan"]
[Result "0-1"]
[WhiteElo "1774"]
[BlackElo "1638"]
[PlyCount "132"]
[EventDate "2023.01.20"]
[EventRounds "5"]
[EventCountry "ENG"]

1. d4 d5 2. Nf3 Nf6 3. g3 h6 4. Bg2 Bf5 5. c4 c6 6. Qb3 Qb6 7. c5 Qa5+ 8. Bd2 Qa6
9. Bf1 b5 10. cxb6 Qxb6 11. Nc3 Qxb3 12. axb3 e6 13. Bf4 Nbd7 14. e3 a5 15. Nd2 Be7
16. f3 O-O 17. g4 Bh7 18. h4 c5 19. Be5 cxd4 20. exd4 Nxe5 21. dxe5 Nd7 22. f4 Rfb8
23. Rc1 Nc5 24. Nb5 Ne4 25. Nxe4 Bxe4 26. Rh3 Rc8 27. Rhc3 Bb4 28. Nd6 Bxc3+ 29.
bxc3 Rcb8 30. Nxe4 dxe4 31. Bg2 Rxb3 32. Bxe4 Ra7 33. c4 a4 34. Bc2 Rc3 35. Bh7+
Kxh7 36. Rxc3 a3 37. Rc1 a2 38. Ra1 f6 39. exf6 gxf6 40. Kd2 Kg6 41. h5+ Kf7 42.
Kc3 e5 43. f5 Ke7 44. Kb2 e4 45. Kc3 e3 46. Kd3 Ra3+ 47. Ke2 Kd6 48. Kf3 Ke5 49.
Ke2 Kf4 50. c5 Kxg4 51. c6 Kxh5 52. c7 Rc3 53. Rxa2 Rxc7 54. Kxe3 Kg5 55. Rh2 Re7+
56. Kd4 Re5 57. Rg2+ Kxf5 58. Rf2+ Kg6 59. Rg2+ Rg5 60. Ra2 h5 61. Ke4 Rg4+ 62. Kf3
Kg5 63. Ra5+ f5 64. Ra8 Rf4+ 65. Kg3 h4+ 66. Kg2 Rg4+  0-1

[Event "29th 4NCL Congress"]
[Site "Harrogate"]
[Date "2023.01.21"]
[Round "2"]
[Board "31"]
[White "Ginestie, Martin"]
[Black "Sharkey, Gary"]
[Result "1/2-1/2"]
[WhiteElo "1684"]
[BlackElo "1760"]
[PlyCount "98"]
[EventDate "2023.01.20"]
[EventRounds "5"]
[EventCountry "ENG"]

1. d4 Nf6 2. c4 c5 3. d5 b5 4. cxb5 a6 5. bxa6 Bxa6 6. Nc3 d6 7. f4 g6 8. Nf3 Bg7
9. e4 Bxf1 10. Rxf1 O-O 11. Kf2 Qb6 12. Kg1 Ng4 13. Qe2 Na6 14. h3 Nf6 15. g4 Rfc8
16. Be3 Qb7 17. f5 c4 18. fxg6 hxg6 19. g5 Nh5 20. Qf2 Nb4 21. Ne1 Qd7 22. Qxf7+
Kh7 23. Qe6 Qxe6 24. dxe6 Rf8 25. a3 Nc6 26. Nf3 Ng3 27. Rf2 Bxc3 28. bxc3 Nxe4 29.
Rff1 Nxc3 30. Kg2 Ne4 31. Nd4 Nxd4 32. Rxf8 Rxf8 33. Bxd4 Nxg5 34. a4 Nxe6 35. Bc3
Nf4+ 36. Kh2 Nxh3 37. a5 Nf2 38. a6 Ra8 39. a7 Ne4 40. Bd4 e5 41. Be3 d5 42. Rb1
Rxa7 43. Bxa7 d4 44. Bb8 Nd2 45. Rc1 c3 46. Kg2 e4 47. Be5 Nf3 48. Bxd4 Nxd4 49.
Rxc3 Nf3  1/2-1/2

[Event "29th 4NCL Congress"]
[Site "Harrogate"]
[Date "2023.01.21"]
[Round "2"]
[Board "32"]
[White "De Silva, Sithun"]
[Black "Murphy, Ross"]
[Result "1-0"]
[WhiteElo "1553"]
[BlackElo "1748"]
[PlyCount "105"]
[EventDate "2023.01.20"]
[EventRounds "5"]
[EventCountry "ENG"]

1. b3 Nf6 2. Bb2 d6 3. e3 g6 4. d4 Bg7 5. Nf3 O-O 6. Bd3 c6 7. Nbd2 Nbd7 8. O-O Qc7
9. c4 e5 10. Qc2 Re8 11. dxe5 dxe5 12. Rad1 Nc5 13. Nxe5 Rxe5 14. Bxe5 Qxe5 15. Nf3
Qc7 16. b4 Nxd3 17. Qxd3 Bf5 18. Qb3 Rd8 19. Rxd8+ Qxd8 20. Nd4 Qc7 21. Nxf5 gxf5
22. f3 Qe5 23. Qd3 Bf8 24. a3 Bd6 25. g3 Bc7 26. Rd1 Bb6 27. c5 Bc7 28. Qd4 Nd5 29.
Qxe5 Bxe5 30. e4 fxe4 31. fxe4 Nf6 32. Kg2 Kg7 33. Kf3 Kg6 34. a4 h5 35. h3 a6 36.
b5 axb5 37. axb5 Bc7 38. bxc6 bxc6 39. Rd3 Kg5 40. Rd4 h4 41. gxh4+ Kh5 42. Ra4 Nd7
43. Ra7 Ne5+ 44. Kf4 Bb8 45. Rb7 Ng6+ 46. Kf5 Nxh4+ 47. Kf6 Bf4 48. Rxf7 Bg5+ 49.
Ke6 Kg6 50. Rc7 Nf3 51. Rxc6 Nd4+ 52. Kd7+ Nxc6 53. Kxc6  1-0

[Event "29th 4NCL Congress"]
[Site "Harrogate"]
[Date "2023.01.21"]
[Round "3"]
[Board "1"]
[White "Mata, Andrew B"]
[Black "Hymer, Barry"]
[Result "1-0"]
[WhiteElo "1868"]
[BlackElo "1987"]
[PlyCount "71"]
[EventDate "2023.01.20"]
[EventRounds "5"]
[EventCountry "ENG"]

1. d4 Nf6 2. c4 c5 3. d5 e5 4. dxe6 fxe6 5. Nc3 d5 6. cxd5 exd5 7. e3 d4 8. exd4
cxd4 9. Qe2+ Be7 10. Ne4 O-O 11. Qc4+ Kh8 12. Bd3 Nc6 13. Nf3 Bg4 14. Neg5 Bb4+ 15.
Kf1 Qe7 16. a3 Bd6 17. Bd2 Ne5 18. Nxe5 Bxe5 19. Bb4 Qd7 20. Re1 Rac8 21. Qb3 Bf4
22. Bxf8 Rxf8 23. Ne6 Bxe6 24. Qxe6 Qa4 25. Qc4 Qd7 26. Qb4 Rc8 27. h4 Ng4 28. Rh3
Qf7 29. Qe7 Qh5 30. Kg1 Bd2 31. Rf3 Nf6 32. Rxf6 gxf6 33. Qxf6+ Kg8 34. Qe6+ Kg7
35. Qd7+ Kf6 36. Re6#  1-0

[Event "29th 4NCL Congress"]
[Site "Harrogate"]
[Date "2023.01.21"]
[Round "3"]
[Board "2"]
[White "Pilley, Jack"]
[Black "Obi, Okwose Marc"]
[Result "1-0"]
[WhiteElo "1944"]
[BlackElo "1871"]
[PlyCount "135"]
[EventDate "2023.01.20"]
[EventRounds "5"]
[EventCountry "ENG"]

1. e4 c5 2. Nf3 d6 3. Bb5+ Nc6 4. O-O e5 5. c3 Nf6 6. Re1 a6 7. Bxc6+ bxc6 8. d4
cxd4 9. cxd4 Qc7 10. dxe5 dxe5 11. Nc3 Be7 12. Qc2 Bg4 13. Nd2 O-O 14. f3 Be6 15.
Nf1 c5 16. Bg5 Rfd8 17. Ne3 c4 18. Bxf6 Bxf6 19. Ncd5 Bxd5 20. Nxd5 Qc5+ 21. Qf2
Qxf2+ 22. Kxf2 Rab8 23. Re2 Bg5 24. Rc2 Rd7 25. g3 Rdb7 26. Rb1 Bd8 27. b3 cxb3 28.
Rxb3 Rxb3 29. axb3 a5 30. Ke2 f6 31. Rc3 Kf7 32. Kd3 Ke6 33. Kc2 Kd7 34. Ne3 Rc8
35. Rxc8 Kxc8 36. Kc3 Kc7 37. Kc4 Kc6 38. Nd5 g6 39. g4 g5 40. h3 h6 41. Ne3 Be7
42. Nf5 Bf8 43. h4 gxh4 44. Nxh4 Ba3 45. Nf5 Bc1 46. Ne7+ Kd7 47. Nd5 Ke6 48. Kb5
Bd2 49. Nb6 Kf7 50. Nc4 Be1 51. Nxa5 Kg6 52. Nc4 h5 53. gxh5+ Kxh5 54. Ne3 Kg5 55.
Ng2 Bd2 56. Kc4 f5 57. b4 fxe4 58. fxe4 Kg4 59. b5 Kf3 60. Kd5 Bc3 61. Nh4+ Kg4 62.
Ng6 Ba5 63. Nxe5+ Kf4 64. Nc4 Bd8 65. e5 Kf5 66. b6 Kg6 67. Kc6 Bxb6 68. Kxb6  1-0

[Event "29th 4NCL Congress"]
[Site "Harrogate"]
[Date "2023.01.21"]
[Round "3"]
[Board "3"]
[White "Procter, Colin S"]
[Black "Robson, Paul E"]
[Result "0-1"]
[WhiteElo "1820"]
[BlackElo "1942"]
[PlyCount "56"]
[EventDate "2023.01.20"]
[EventRounds "5"]
[EventCountry "ENG"]

1. d4 c5 2. d5 Nf6 3. Nc3 g6 4. g3 Bg7 5. Bg2 d6 6. e3 Na6 7. Nge2 Nc7 8. O-O b5
9. a3 Rb8 10. b4 O-O 11. Rb1 Bd7 12. bxc5 dxc5 13. d6 exd6 14. Qxd6 Ne6 15. Ne4 Nxe4
16. Bxe4 Rb6 17. Qd1 Qc8 18. Bb2 Rd8 19. Qc1 Bc6 20. Bxc6 Qxc6 21. Rd1 Rxd1+ 22.
Qxd1 Bf8 23. Nf4 Nxf4 24. exf4 Qe4 25. Be5 f6 26. Bc7 Rb7 27. Qd8 Qc6 28. Bd6 Qxd6
 0-1

[Event "29th 4NCL Congress"]
[Site "Harrogate"]
[Date "2023.01.21"]
[Round "3"]
[Board "4"]
[White "Gostelow, Luke"]
[Black "Donahue, Randolph E"]
[Result "0-1"]
[WhiteElo "1920"]
[BlackElo "1848"]
[PlyCount "70"]
[EventDate "2023.01.20"]
[EventRounds "5"]
[EventCountry "ENG"]

1. d4 Nf6 2. c4 e5 3. e3 exd4 4. exd4 Bb4+ 5. Nd2 O-O 6. Be2 d5 7. Ngf3 dxc4 8. Bxc4
Re8+ 9. Kf1 Be6 10. Qb3 Nc6 11. Bxe6 Rxe6 12. Ng5 Re7 13. Ndf3 Qd5 14. Qd3 h6 15.
Nh3 Qxd4 16. Qxd4 Nxd4 17. Bd2 Bxd2 18. Nxd2 Rae8 19. g3 Re2 20. Rd1 Ng4 21. Nc4
Nf3 22. Ne3 R2xe3 23. fxe3 Nxe3+ 24. Kf2 Nxd1+ 25. Kxf3 Rd8 26. Ke2 Nxb2 27. Rc1
Re8+ 28. Kd2 c6 29. Rb1 Nc4+ 30. Kc3 Nb6 31. Nf4 Re7 32. Kd4 Rd7+ 33. Ke4 Rd2 34.
a4 Ra2 35. Rb4 Rxa4  0-1

[Event "29th 4NCL Congress"]
[Site "Harrogate"]
[Date "2023.01.21"]
[Round "3"]
[Board "5"]
[White "Cawston, M John"]
[Black "Hall, James"]
[Result "0-1"]
[WhiteElo "1820"]
[BlackElo "1919"]
[PlyCount "92"]
[EventDate "2023.01.20"]
[EventRounds "5"]
[EventCountry "ENG"]

1. d4 Nf6 2. c4 e5 3. dxe5 Ng4 4. Bf4 Nc6 5. Nf3 f6 6. exf6 Qxf6 7. Qd2 Bb4 8. Nc3
Bxc3 9. bxc3 d6 10. e3 O-O 11. Be2 Be6 12. O-O Nge5 13. Nxe5 dxe5 14. Bg3 Na5 15.
c5 Nc4 16. Qc2 Qe7 17. Bd3 Qxc5 18. Bxh7+ Kh8 19. Bd3 Nd6 20. Qa4 Bc4 21. Bxc4 Nxc4
22. Qb4 Qc6 23. Qe7 Rae8 24. Qh4+ Kg8 25. Rad1 b5 26. Qg4 Nd6 27. Rd3 Rf7 28. Rfd1
Qc4 29. Qxc4 Nxc4 30. Rd8 Rxd8 31. Rxd8+ Kh7 32. Kh1 Kg6 33. h3 Kf5 34. Rd5 c6 35.
Rc5 Rf6 36. f4 Re6 37. fxe5 Ke4 38. a4 a6 39. axb5 axb5 40. Bh4 Nb2 41. Be7 Na4 42.
Bf8 Nxc5 43. Bxc5 Rxe5 44. Bd4 c5 45. Bxe5 Kxe5 46. Kg1 b4  0-1

[Event "29th 4NCL Congress"]
[Site "Harrogate"]
[Date "2023.01.21"]
[Round "3"]
[Board "6"]
[White "De Sousa Muachikape, Jael"]
[Black "Rida, Ruqayyah"]
[Result "1-0"]
[WhiteElo "1913"]
[BlackElo "1786"]
[PlyCount "103"]
[EventDate "2023.01.20"]
[EventRounds "5"]
[EventCountry "ENG"]

1. d4 Nf6 2. c4 g6 3. Nc3 Bg7 4. e4 d6 5. Be2 O-O 6. Nf3 e5 7. O-O Nc6 8. d5 Ne7
9. b4 a5 10. bxa5 Rxa5 11. a4 Nd7 12. Ne1 Nc5 13. Bd2 Ra8 14. a5 f5 15. f3 Bd7 16.
Be3 Ra6 17. Nc2 Qa8 18. Bxc5 dxc5 19. Qd2 Rd8 20. Nb5 Bxb5 21. cxb5 Rad6 22. Na3
Kh8 23. Nc4 R6d7 24. Qa2 Nc8 25. Qb2 fxe4 26. fxe4 Nd6 27. Nxd6 cxd6 28. Qd2 Re7
29. b6 Qc8 30. Qg5 Ree8 31. Bg4 Qa8 32. Rf3 Rf8 33. Rh3 Rf6 34. Be2 Rdf8 35. Rf3
Rxf3 36. gxf3 Qc8 37. Qg4 Qd8 38. Kh1 Rf4 39. Qe6 Rf6 40. Qh3 Rf4 41. a6 bxa6 42.
Rxa6 Rf8 43. Qf1 Bh6 44. Qh3 Bg7 45. Qf1 Bh6 46. Qb1 Be3 47. b7 Qc7 48. Rc6 Qb8 49.
Ba6 Kg7 50. Qf1 Qd8 51. Rc8 Qb6 52. Qb5  1-0

[Event "29th 4NCL Congress"]
[Site "Harrogate"]
[Date "2023.01.21"]
[Round "3"]
[Board "7"]
[White "Mikalajunas, Kajus"]
[Black "Siu, Kam Wa"]
[Result "1/2-1/2"]
[WhiteElo "1905"]
[BlackElo "1701"]
[PlyCount "117"]
[EventDate "2023.01.20"]
[EventRounds "5"]
[EventCountry "ENG"]

1. e4 c5 2. c3 Nf6 3. e5 Nd5 4. d4 cxd4 5. cxd4 d6 6. exd6 e6 7. Nf3 Bxd6 8. Bb5+
Bd7 9. Bxd7+ Nxd7 10. O-O Rc8 11. Nc3 Nxc3 12. bxc3 Rxc3 13. Bb2 Rc7 14. d5 O-O 15.
dxe6 Nc5 16. exf7+ Rcxf7 17. Ne5 Bxe5 18. Bxe5 Rf5 19. f4 Qxd1 20. Raxd1 b6 21. Rd5
Ne6 22. Rd7 R5f7 23. Rfd1 h6 24. g3 Kh7 25. Kg2 g5 26. f5 Nc5 27. Rxf7+ Rxf7 28.
g4 Re7 29. Bf6 Re2+ 30. Kf3 Re8 31. Rd6 Ne4 32. Rd7+ Kg8 33. Bb2 a5 34. f6 Kf8 35.
f7 Re6 36. Rb7 Nd2+ 37. Kf2 Nc4 38. Bd4 Re7 39. Rxe7 Kxe7 40. Ke2 Kxf7 41. Kd3 b5
42. a4 Na3 43. Bc5 Nc4 44. axb5 Ne5+ 45. Kd4 Nxg4 46. b6 Nf6 47. b7 Nd7 48. Bd6 Ke6
49. b8=Q Nxb8 50. Bxb8 Kf5 51. Kc5 Kg4 52. Kb5 Kf3 53. Kxa5 h5 54. Kb4 g4 55. Kc3
h4 56. Kd2 g3 57. hxg3 h3 58. g4 Kxg4 59. Ke1  1/2-1/2

[Event "29th 4NCL Congress"]
[Site "Harrogate"]
[Date "2023.01.21"]
[Round "3"]
[Board "8"]
[White "Ashton, Alannah"]
[Black "Rich, Aaron"]
[Result "1/2-1/2"]
[WhiteElo "1789"]
[BlackElo "1857"]
[PlyCount "77"]
[EventDate "2023.01.20"]
[EventRounds "5"]
[EventCountry "ENG"]

1. e4 c5 2. Nf3 Nc6 3. Bb5 g6 4. O-O Bg7 5. c3 Nf6 6. Re1 O-O 7. d4 cxd4 8. cxd4
a6 9. Bf1 d6 10. Nc3 Bg4 11. Be3 Nd7 12. Be2 Nb6 13. h3 Bxf3 14. Bxf3 Nc4 15. Rc1
Nxe3 16. fxe3 e5 17. d5 Ne7 18. a4 f5 19. Qb3 Qd7 20. a5 Rac8 21. Na4 Rxc1 22. Rxc1
Rc8 23. Rc4 Rxc4 24. Qxc4 Bh6 25. Kf2 Qe8 26. Nb6 fxe4 27. Bxe4 Qf8+ 28. Ke2 Nf5
29. Bxf5 Qxf5 30. Qc8+ Qxc8 31. Nxc8 Bf8 32. e4 Kf7 33. Nb6 Ke7 34. g4 Bh6 35. Kd1
Be3 36. Kc2 Bxb6 37. axb6 Kf6 38. h4 h6 39. b4  1/2-1/2

[Event "29th 4NCL Congress"]
[Site "Harrogate"]
[Date "2023.01.21"]
[Round "3"]
[Board "9"]
[White "Webster, Vivien"]
[Black "Jones, Neil T"]
[Result "1-0"]
[WhiteElo "1754"]
[BlackElo "1844"]
[PlyCount "43"]
[EventDate "2023.01.20"]
[EventRounds "5"]
[EventCountry "ENG"]

1. e4 c6 2. Nf3 d5 3. e5 Bg4 4. h3 Bxf3 5. Qxf3 e6 6. d4 Ne7 7. Bd3 Ng6 8. Bxg6 hxg6
9. Nc3 Nd7 10. Be3 c5 11. O-O-O a6 12. Nxd5 exd5 13. Qxd5 Qc7 14. e6 O-O-O 15. exd7+
Rxd7 16. Qf3 cxd4 17. Rxd4 Rxd4 18. Bxd4 Rh4 19. Rd1 f6 20. g3 Rh5 21. Qg4+ Kb8 22.
Qxg6  1-0

[Event "29th 4NCL Congress"]
[Site "Harrogate"]
[Date "2023.01.21"]
[Round "3"]
[Board "10"]
[White "Kane, Robert"]
[Black "Dos Santos Silva, Bruno Alexandre"]
[Result "0-1"]
[WhiteElo "1843"]
[BlackElo "1711"]
[PlyCount "234"]
[EventDate "2023.01.20"]
[EventRounds "5"]
[EventCountry "ENG"]

1. b3 f5 2. Bb2 Nf6 3. Bxf6 exf6 4. c4 d5 5. cxd5 Qxd5 6. Nc3 Qa5 7. g3 Bd6 8. Bg2
O-O 9. Nh3 Nc6 10. O-O Be6 11. e3 Rad8 12. Ne2 Ne7 13. Qc2 c6 14. d4 Qc7 15. Nhf4
Bf7 16. a3 a5 17. Nd3 Qb6 18. Rfb1 Qc7 19. b4 axb4 20. axb4 Ra8 21. b5 Rfb8 22. b6
Qd8 23. Nc5 Rxa1 24. Rxa1 Ra8 25. Qb2 Qc8 26. h4 Nd5 27. Nf4 Rxa1+ 28. Qxa1 Nxb6
29. Qa7 Bxc5 30. dxc5 Nd5 31. Ne2 g6 32. Nd4 Kg7 33. Nb3 Nxe3 34. Na5 Nxg2 35. Kxg2
Bd5+ 36. Kh2 Qc7 37. Nxb7 Qe7 38. Qb8 Qe4 39. Qc7+ Kh6 40. Qf4+ g5 41. hxg5+ fxg5
42. Qxe4 Bxe4 43. f4 gxf4 44. gxf4 Kg6 45. Kg3 Kf6 46. Kh4 Ke6 47. Kg5 Kd5 48. Kh6
Kd4 49. Kg5 Ke3 50. Nd6 h5 51. Nxf5+ Bxf5 52. Kxf5 h4 53. Kg4 Ke4 54. f5 Ke5 55.
Kg5 h3 56. f6 Ke6 57. Kg6 h2 58. f7 h1=Q 59. f8=Q Qg2+ 60. Kh6 Qh3+ 61. Kg5 Qg3+
62. Kh6 Qh4+ 63. Kg6 Qe4+ 64. Kh6 Qh4+ 65. Kg6 Qe4+ 66. Kh6 Kd5 67. Qd6+ Kc4 68.
Qf8 Qe3+ 69. Kg6 Qxc5 70. Qf1+ Kb4 71. Qb1+ Ka5 72. Qa2+ Kb6 73. Qb3+ Qb5 74. Qe6
Qd5 75. Qf6 Kc5 76. Qc3+ Qc4 77. Qa5+ Kd6 78. Qd8+ Kc5 79. Qa5+ Qb5 80. Qa7+ Kc4
81. Qa2+ Kc5 82. Qa7+ Kd6 83. Qd4+ Qd5 84. Qf4+ Kd7 85. Qa4 Ke6 86. Qg4+ Kd6 87.
Qf4+ Kd7 88. Qa4 Qe6+ 89. Kg7 Qe7+ 90. Kg6 Qd6+ 91. Kf5 Qc5+ 92. Kf6 Kc7 93. Ke6
Qd6+ 94. Kf7 c5 95. Qa7+ Kc6 96. Qa6+ Kc7 97. Qa7+ Kc8 98. Qa8+ Qb8 99. Qd5 Qb7+
100. Ke6 Qb6+ 101. Kf5 Qc7 102. Qg8+ Kb7 103. Qd5+ Qc6 104. Qb3+ Qb6 105. Qf7+ Ka6
106. Qc4+ Qb5 107. Qa2+ Qa5 108. Qc4+ Qb5 109. Qa2+ Kb6 110. Qe6+ Qc6 111. Qb3+ Kc7
112. Qc4 Qd7+ 113. Ke5 Qd6+ 114. Ke4 Qe7+ 115. Kd5 Qg5+ 116. Ke4 Qg4+ 117. Kd5 Qf5#
 0-1

[Event "29th 4NCL Congress"]
[Site "Harrogate"]
[Date "2023.01.21"]
[Round "3"]
[Board "12"]
[White "Mcdonnell, James J."]
[Black "Echavarria Hidalgo, Fernando"]
[Result "1-0"]
[WhiteElo "1902"]
[BlackElo "1793"]
[PlyCount "113"]
[EventDate "2023.01.20"]
[EventRounds "5"]
[EventCountry "ENG"]

1. e4 d6 2. d4 Nf6 3. Nc3 g6 4. f4 Bg7 5. Nf3 O-O 6. Bd3 c5 7. dxc5 dxc5 8. O-O Bg4
9. Be3 b6 10. h3 Bxf3 11. Qxf3 Nc6 12. e5 Nd4 13. Qf2 Ne8 14. Rad1 e6 15. Be4 Rc8
16. Nb5 Qe7 17. Nxd4 cxd4 18. Bxd4 Nc7 19. Qe2 Rfd8 20. a3 Bf8 21. Kh1 Qh4 22. Kh2
Nd5 23. g3 Qe7 24. c3 Qc7 25. Rd2 Bc5 26. Rfd1 Bxd4 27. Rxd4 Ne7 28. Qd3 Re8 29.
Rd7 Qc5 30. Rd2 a5 31. Qd4 Qxd4 32. R2xd4 Rb8 33. Ra7 Kf8 34. Kg2 Red8 35. Rad7 Re8
36. Kf3 h5 37. g4 hxg4+ 38. hxg4 Kg7 39. Rc7 f5 40. exf6+ Kxf6 41. g5+ Kf7 42. Rdd7
Kf8 43. Ke3 Nf5+ 44. Kf3 Re7 45. Rxe7 Nxe7 46. Rb7 Rxb7 47. Bxb7 Nf5 48. Be4 Ne7
49. Ke3 Nf5+ 50. Bxf5 exf5 51. Kd4 Ke7 52. Kd5 Kd7 53. b4 a4 54. c4 Kc7 55. Ke6 b5
56. c5 Kc6 57. Kf6  1-0

[Event "29th 4NCL Congress"]
[Site "Harrogate"]
[Date "2023.01.21"]
[Round "3"]
[Board "13"]
[White "Webb, Nick"]
[Black "Bielby, Paul R"]
[Result "1/2-1/2"]
[WhiteElo "1748"]
[BlackElo "1890"]
[PlyCount "90"]
[EventDate "2023.01.20"]
[EventRounds "5"]
[EventCountry "ENG"]

1. c4 Nf6 2. Nc3 d5 3. cxd5 Nxd5 4. g3 e5 5. Bg2 c6 6. Nxd5 cxd5 7. Qb3 e4 8. d3
f5 9. Nh3 Nc6 10. O-O Bc5 11. Nf4 Nd4 12. Qxd5 Nxe2+ 13. Kh1 Qxd5 14. Nxd5 O-O 15.
dxe4 fxe4 16. Be3 Bxe3 17. fxe3 Bg4 18. Bxe4 Rfe8 19. Bg2 Rac8 20. e4 h5 21. Ne3
Red8 22. Rf2 Nc1 23. Nxg4 hxg4 24. Rf1 Nd3 25. Kg1 Nxb2 26. Rac1 Nc4 27. e5 Nxe5
28. Rxc8 Rxc8 29. Bd5+ Kh7 30. Bxb7 Rc5 31. Be4+ g6 32. Rb1 Ra5 33. Rb7+ Kh6 34.
Rb2 Kg5 35. Kf2 Ra4 36. Re2 Ra3 37. Bd5 Kf6 38. Re3 Ra5 39. Bb3 Rc5 40. Re4 Kf5 41.
Rf4+ Kg5 42. Ra4 a5 43. Rd4 Kf5 44. Rf4+ Kg5 45. Rd4 Kf5  1/2-1/2